| 000 | 00416nam a22001457a 4500 | ||
|---|---|---|---|
| 005 | 20151201093142.0 | ||
| 008 | 151201b xxu||||| |||| 00| 0 eng d | ||
| 040 | _cPK-LaUMT | ||
| 082 |
_aMSC 491.439 _bAKB-N |
||
| 100 | _aاکبر حسین اکبر | ||
| 245 |
_aنثر اکبر الہ آبادی _cاکبر حسین اکبر |
||
| 260 |
_aلاہور _bمجلس ترق ادب _c2008 |
||
| 300 | _a98 ص | ||
| 942 | _cBK | ||
| 999 |
_c79289 _d79289 |
||